LEADER 02090oam 2200577 450 001 9910708386303321 005 20170927111420.0 035 $a(CKB)4330000001816343 035 $a(OCoLC)891598782 035 $a(OCoLC)994330000001816343 035 $a(EXLCZ)994330000001816343 100 $a20140929d1979 ua 0 101 0 $aeng 135 $aurmn||||||||| 181 $ctxt$2rdacontent 182 $cc$2rdamedia 183 $acr$2rdacarrier 200 10$aDuration of hydrothermal activity at Steamboat Springs, Nevada, from ages of spatially associated volcanic rocks /$fby M. L. Silberman [and three others] 210 1$aWashington :$cUnited States Department of the Interior, Geological Survey,$d1979. 215 $a1 online resource (iii, D14 pages) $cillustrations, maps 225 1 $aGeological Survey professional paper ;$v458-D 300 $aTitle from title screen (viewed September 29, 2014). 300 $a"Geology and geochemistry of the Steamboat Springs area, Nevada." 320 $aIncludes bibliographical references (pages D13-D14). 606 $aGeology$zNevada$zSteamboat Springs 606 $aHot springs$zNevada$zSteamboat Springs 606 $aGeothermal resources$zNevada$zSteamboat Springs 606 $aPotassium-argon dating 606 $aGeology$2fast 606 $aGeothermal resources$2fast 606 $aPotassium-argon dating$2fast 607 $aNevada$zSteamboat Springs$2fast 615 0$aGeology 615 0$aHot springs 615 0$aGeothermal resources 615 0$aPotassium-argon dating. 615 7$aGeology. 615 7$aGeothermal resources. 615 7$aPotassium-argon dating. 700 $aSilberman$b Miles L.$01403808 712 02$aGeological Survey (U.S.), 801 0$bCOP 801 1$bCOP 801 2$bOCLCO 801 2$bOCLCF 801 2$bOCLCO 801 2$bGPO 906 $aBOOK 912 $a9910708386303321 996 $aDuration of hydrothermal activity at Steamboat Springs, Nevada, from ages of spatially associated volcanic rocks$93477146 997 $aUNINA LEADER 02577nas 2200781-a 450 001 9910131501903321 005 20260218110041.0 035 $a(DE-599)ZDB2158598-2 035 $a(CKB)110978979436242 035 $a(CONSER)---91641973- 035 $a(DE-599)2158598-2 035 $a(EXLCZ)99110978979436242 100 $a19910130a19909999 --- a 101 0 $aeng 181 $ctxt$2rdacontent 182 $cc$2rdamedia 183 $acr$2rdacarrier 200 00$aHuman Rights Watch world report 210 $aNew York, NY $cHuman Rights Watch$dc1991- 215 $a1 online resource 311 08$aPrint version: Human Rights Watch world report. 1054-948X (DLC) 91641973 (OCoLC)23031425 517 3 $aWorld report 531 0 $aHuman Rights Watch world rep. 606 $aCivil rights$vPeriodicals 606 $aHuman rights$vPeriodicals 606 $aAnnuaires$2eclas 606 $aDroits civils$2eclas 606 $aDroits de l'homme$2eclas 606 $aRelations extérieures$2eclas 606 $aCivil rights$2fast$3(OCoLC)fst00862627 606 $aHuman rights$2fast$3(OCoLC)fst00963285 606 $aDiplomatic relations$2fast$3(OCoLC)fst01907412 606 $aMensenrechten$2gtt 606 $aHuman rights$2homoit$3https://homosaurus.org/v3/homoit0000652 606 $aCIVIL AND POLITICAL RIGHTS$2unbist 606 $aHUMAN RIGHTS$2unbist 606 $aHUMAN RIGHTS VIOLATIONS$2unbist 607 $aUnited States$xForeign relations$y1989-$vPeriodicals 607 $aAfrique$2eclas 607 $aAmérique centrale$2eclas 607 $aAmérique latine$2eclas 607 $aAsie$2eclas 607 $aEurope$2eclas 607 $aMoyen-Orient$2eclas 607 $aUnited States$2fast$1https://id.oclc.org/worldcat/entity/E39PBJtxgQXMWqmjMjjwXRHgrq 608 $aPeriodicals.$2fast 608 $aPeriodicals.$2lcgft 615 0$aCivil rights 615 0$aHuman rights 615 7$aAnnuaires. 615 7$aDroits civils. 615 7$aDroits de l'homme. 615 7$aRelations extérieures. 615 7$aCivil rights. 615 7$aHuman rights. 615 7$aDiplomatic relations. 615 17$aMensenrechten. 615 7$aHuman rights. 615 17$aCIVIL AND POLITICAL RIGHTS. 615 17$aHUMAN RIGHTS. 615 17$aHUMAN RIGHTS VIOLATIONS. 676 $a323.4/9/05 712 02$aHuman Rights Watch (Organization) 906 $aJOURNAL 912 $a9910131501903321 920 $aexl_impl conversion 996 $aHuman Rights Watch world report$91959120 997 $aUNINA